000 00544nam a22001697a 4500
003 BD-ChCU
005 20251125091006.0
008 251125b bg ||||| |||| 00| 0 ben d
040 _cBD-ChCU
082 _a370.1934 SOR
100 _aSommer, John and Pratima Kale. ed.
_916813
245 _aRural development at the grassroot-the catalyst role.//
_cJohn Sommer, Pratime Kale and Ranjit Gupta. ed.
260 _aNew Delhi.
_bThe Ford Foundation.
_c1974
300 _a138p
650 0 _aIndia - Social Conditions.
_916815
942 _2ddc
_cBK
_n0
999 _c109785
_d109785